| 000 | 00000nam##2200000za#4500 |
| 001 | 9.643116 |
| 003 | CaOODSP |
| 005 | 20210624224023 |
| 007 | cr ||||||||||| |
| 008 | 150407|2002||||xxc|||||o f|0| 0 fre|d |
| 040 | |aCaOODSP|bfre |
| 043 | |an-cn--- |
| 086 | 1 |aEn14-164/2002F-PDF |
| 110 | 1 |aCanada. |bEnvironnement Canada. |
| 245 | 10|aInventaire canadien des émissions de SOx, PM2.5 et PM10 résultant de la combustion de mazouts / |h[ressource électronique]|c[par] Lorri Thompson et Melanie White. |
| 260 | |aOttawa - Ontario : |bEnvironnement Canada |cOctobre 2002. |
| 300 | |a49p.|bgraphiques, tableaux |
| 590 | |a14-21-Supp|b2014-12-11 |
| 691 | 07|aCarburant|2gcpds |
| 691 | 07|aImpact sur l'environnement|2gcpds |
| 775 | 08|tCanadian inventory of SOx, PM2.5 and PM10 emissions resulting from the combustion of fuel oils / |w(CaOODSP)9.699072 |
| 856 | 40|ahttp://publications.gc.ca|qPDF|s184 Ko|uhttps://publications.gc.ca/collections/collection_2014/ec/En14-164-2002-fra.pdf |